000 00898cam a2200229 i 4500
003 SA-RiAUC
005 20260306120855.0
008 260304s2005 su g 000r0 ara c
040 _aSA-JeALM
_bara
_cSA-RiAUC
_erda
082 0 4 _a252.55
_qSA-RiAUC
090 _a252.55
_bح ر ي
100 1 _aالحريري، اسماعيل حسين جمال
_eجامع.
245 1 0 _aدعاء يوم عرفة
_bويليه دعاء ختم القرآن
_cالشيخ اسماعيل حسين جمال الحريري
250 _aالطبعة الأولى.
264 1 _a[مكان النشر غير محدد] :
_b[الناشر غير محدد]،
_c2012
300 _a128 صفحة ؛
_c14 سم.
336 _aنص
_btxt
_2rdacontent
_3كتاب
337 _aبدون وسيط
_bn
_2rdamedia
650 7 _aالأدعية والأوراد
_2aucsh
942 _2ddc
_cBOOK
_n0
949 _aSA-JeALM
_d260304
_uosman123
_n1
999 _c14474
_d14474